| 000 | 00821nam a22002297a 4500 | ||
|---|---|---|---|
| 003 | LK-CoMWRAF | ||
| 005 | 20231211164453.0 | ||
| 008 | 231211b2001 |||||||| |||| 00| 0 eng d | ||
| 020 | _a9555820112 | ||
| 040 |
_aLK-CoMWRAF _dLK-CoMWRAF _eLK-CoMWRAF |
||
| 041 | _aeng | ||
| 082 |
_a305.89 _bBAS |
||
| 100 | _aBass, Daniel | ||
| 130 | _aA history of ethnic conflict in Sri Lanka: recollection, reinterpretation & reconciliation | ||
| 245 | _aLandscapes of Malaiyaha Tamil identity | ||
| 260 |
_aColombo: _bMarga Institute, _c2001 |
||
| 300 |
_a22 p. ; 23 cm _b Bibliography included |
||
| 490 |
_aMarga monograph series on ethnic reconciliation _vno. 8 |
||
| 650 | _aMalaiyaha Tamil (Sri Lankan people) -- Ethnic identity | ||
| 650 | _aMalaiyaha Tamil (Sri Lankan people) -- Politics and government | ||
| 942 | _cBK | ||
| 999 |
_c4350 _d4350 |
||